Catálogo público

Semillas, negocio y propiedad intelectual : (Record no. 218538)

MARC details
000 -CABECERA
campo de control de longitud fija 02318nam a2200337 a 4500
003 - IDENTIFICADOR DEL NÚMERO DE CONTROL
campo de control CHAP
005 - FECHA Y HORA DE LA ÚLTIMA TRANSACCIÓN
campo de control 20230314174020.0
007 - CAMPO FIJO DE DESCRIPCIÓN FÍSICA--INFORMACIÓN GENERAL
campo de control de longitud fija ta
008 - DATOS DE LONGITUD FIJA--INFORMACIÓN GENERAL
campo de control de longitud fija 230314s2012 mx a|||f |||| 001 0 spa d
020 ## - NÚMERO INTERNACIONAL ESTÁNDAR DEL LIBRO
Número Internacional Estándar del Libro 978-607-17-1048-2
040 ## - FUENTE DE LA CATALOGACIÓN
Centro catalogador/agencia de origen mxchpua
Centro/agencia transcriptor CHAP
Normas de descripción rda
050 10 - SIGNATURA TOPOGRÁFICA DE LA BIBLIOTECA DEL CONGRESO
Número de clasificación K1401
Número de documento/Ítem .A26 2012
082 00 - NÚMERO DE LA CLASIFICACIÓN DECIMAL DEWEY
Número de clasificación 346.048
Número de documento/Ítem A26 2012
Número de edición 20
100 1# - ENTRADA PRINCIPAL--NOMBRE DE PERSONA
9 (RLIN) 186399
Nombre de persona Aboites Manrique, Gilberto
Término indicativo de función/relación autor
245 10 - MENCIÓN DE TÍTULO
Título Semillas, negocio y propiedad intelectual :
Resto del título tomando como estudio de caso al maíz en México /
Mención de responsabilidad, etc. Gilberto Aboites Manrique
250 ## - MENCIÓN DE EDICIÓN
Mención de edición 1a edición
264 ## - PRODUCCIÓN, PUBLICACIÓN, DISTRIBUCIÓN, FABRICACIÓN Y COPYRIGHT
Producción, publicación, distribución, fabricación y copyright México :
Nombre del de productor, editor, distribuidor, fabricante Trillas,
Fecha de producción, publicación, distribución, fabricación o copyright 2012
300 ## - DESCRIPCIÓN FÍSICA
Extensión 184 páginas :
Otras características físicas ilustraciones, gráficas, tablas
336 ## - TIPO DE CONTENIDO
Fuente rdacontent
Término de tipo de contenido texto
Código de tipo de contenido txt
337 ## - TIPO DE MEDIO
Fuente rdamedia
Nombre/término del tipo de medio sin medio
Código del tipo de medio n
338 ## - TIPO DE SOPORTE
Fuente rdacarrier
Nombre/término del tipo de soporte volumen
Código del tipo de soporte nc
504 ## - NOTA DE BIBLIOGRAFÍA, ETC.
Nota de bibliografía, etc. Bibliografía: páginas 165-176
520 ## - SUMARIO, ETC.
Sumario, etc. Los vegetales constituyen una de las fuentes principales de alimentación humana; por ello, el acceso a los recursos biológicos y su control ha sido históricamente un factor de disputa entre diversos agentes sociales. En este libro se analiza la evolución reciente del mercado de semillas de maíz, así como los cambios en la estructura económica de la industria semillera, y el papel del fitomejoramiento, mediante el seguimiento de las legislaciones formuladas en méxico en materia de semillas y propiedad intelectual en variedades vegetales, con el fin de aportar nuevos conocimientos y participar en el debate sobre el tema. La historia del fitomejoramiento nos muestra como ha transcurrido el paso del hombre entre la ciencia, la técnica, el poder y los negocios. Por ello, a lo largo de este texto el autor ilustra la complejidad social del fenómeno, sin otra restricción que la evidencia bien valorada. Otra parte del presente estudio aborda la propiedad intelectual de variedades vegetales, la cual se encuentra estrechamente relacionada con el acceso y distribución del germoplasma; por esta razón, ambos aspectos se examinan aquí como parte de un proceso único.
650 13 - PUNTO DE ACCESO ADICIONAL DE MATERIA--TÉRMINO DE MATERIA
9 (RLIN) 70848
Término de materia o nombre geográfico como elemento de entrada Maíz
Subdivisión geográfica México
650 13 - PUNTO DE ACCESO ADICIONAL DE MATERIA--TÉRMINO DE MATERIA
9 (RLIN) 70848
Término de materia o nombre geográfico como elemento de entrada Maíz
Subdivisión general Variedades
650 13 - PUNTO DE ACCESO ADICIONAL DE MATERIA--TÉRMINO DE MATERIA
9 (RLIN) 155967
Término de materia o nombre geográfico como elemento de entrada Derechos de propiedad intelectual
650 13 - PUNTO DE ACCESO ADICIONAL DE MATERIA--TÉRMINO DE MATERIA
9 (RLIN) 147463
Término de materia o nombre geográfico como elemento de entrada Corn
Subdivisión geográfica Mexico
650 13 - PUNTO DE ACCESO ADICIONAL DE MATERIA--TÉRMINO DE MATERIA
9 (RLIN) 147463
Término de materia o nombre geográfico como elemento de entrada Corn
Subdivisión general Varieties
650 13 - PUNTO DE ACCESO ADICIONAL DE MATERIA--TÉRMINO DE MATERIA
9 (RLIN) 155968
Término de materia o nombre geográfico como elemento de entrada Intellectual property rights
942 ## - ELEMENTOS DE PUNTO DE ACCESO ADICIONAL (KOHA)
Fuente del sistema de clasificación o colocación Dewey Decimal Classification
Tipo de ítem Koha
Holdings
Estado de retiro Estado de pérdida Fuente del sistema de clasificación o colocación Estado dañado Restricciones de uso No para préstamo Código de colección Localización permanente Ubicación/localización actual Fecha de adquisición Fuente de adquisición Número de inventario Total de préstamos Signatura topográfica completa Código de barras Fecha visto por última vez Número de copia Precio válido a partir de Tipo de ítem Koha
    Dewey Decimal Classification   Préstamo interno   General Ingenieria Agroindustrial Ingenieria Agroindustrial 09/12/2021 Compra Librería UACh F 39634 Consumo   346.048 A26 2012 1102014427 14/03/2023 Ej. 1 09/12/2021 Libro
    Dewey Decimal Classification   Préstamo 5 días   General Ingenieria Agroindustrial Ingenieria Agroindustrial 09/12/2021 Compra Librería UACh F 39634 Consumo   346.048 A26 2012 1102014428 14/03/2023 Ej. 2 09/12/2021 Libro
    Dewey Decimal Classification   Préstamo 5 días   General Ingenieria Agroindustrial Ingenieria Agroindustrial 09/12/2021 Compra Librería UACh F 39634 Consumo   346.048 A26 2012 1102014429 14/03/2023 Ej. 3 09/12/2021 Libro